La educación física en la primera infancia

Salvato in:
Dettagli Bibliografici
Autori principali: Gómez, Jorge Roberto (Autore), González, Lady E (Autore)
Natura: Libro
Lingua:spagnolo
Pubblicazione: Buenos Aires Stadium 2010
Edizione:2a. ed
Soggetti:
Tags: Aggiungi Tag
Nessun Tag, puoi essere il primo ad aggiungerne!!

MARC

LEADER 00000nam a2200000 a 4500
001 UCG6892
003 CL-VaPUC
008 110526e20100608AG |||||||||||||||||spa|d
020 |a 9789505311217 
082 0 4 |a 372.86  |b GOM  |2 21 
100 |a Gómez, Jorge Roberto  |e author  |9 557333 
700 |a González, Lady E  |e author  |9 557334 
245 1 3 |a La educación física en la primera infancia 
250 |a 2a. ed 
300 |a 245 p 
942 |c BK 
945 |d 20110526 00:00:00  |a jcampos 
260 |a Buenos Aires  |b Stadium  |c 2010 
650 0 |a Educación preescolar  |9 260381 
650 0 |a Educación física  |9 240893 
583 |a last modification  |c 20120113 10:36:11  |k Rodrigo Vera 
999 |c 345001  |d 344999 
952 |0 0  |1 0  |4 0  |6 372_860000000000000_GOM_2010  |7 0  |8 A  |9 443383  |a BIBEDU  |b BIBEDU  |d 2019-11-22  |i 4780361  |o 372.86 GOM 2010  |p 4780361  |r 2019-11-22  |w 2019-11-22  |y BK  |k EFI